| 000 | 00000nam 2200000zi 4500 |
| 001 | 9.954834 |
| 003 | CaOODSP |
| 005 | 20250923095446 |
| 006 | m o d f |
| 007 | cr |n||||||||| |
| 008 | 250904t20252025quc o f|0| 0 eng d |
| 020 | |a9780660787930 |
| 040 | |aCaOODSP|beng|erda|cCaOODSP |
| 043 | |an-cn--- |
| 086 | 1 |aEn4-94/10-2025E-PDF |
| 245 | 00|aTank tip 10 : |bif you deliver products. |
| 250 | |a[2025 edition]. |
| 264 | 1|a[Gatineau, Quebec] : |bEnvironment and Climate Change Canada = Environnement et changement climatique Canada, |c[2025] |
| 264 | 4|c©2025 |
| 300 | |a1 online resource (2 unnumbered pages) |
| 336 | |atext|btxt|2rdacontent |
| 337 | |acomputer|bc|2rdamedia |
| 338 | |aonline resource|bcr|2rdacarrier |
| 500 | |aIssued also in French under title: Sachez stocker 10 : si vous livrez des produits. |
| 500 | |aCaption title. |
| 650 | 0|aOil storage tanks|xLaw and legislation|zCanada. |
| 650 | 0|aPetroleum products|xStorage|xLaw and legislation|zCanada. |
| 710 | 1 |aCanada. |bEnvironment and Climate Change Canada, |eissuing body. |
| 775 | 08|tSachez stocker 10 : |w(CaOODSP)9.954833 |
| 795 | |tTank tip 10 : |b[2023 edition]|w(CaOODSP)9.919543 |
| 856 | 40|qPDF|s823 KB|uhttps://publications.gc.ca/collections/collection_2025/eccc/en4/En4-94-10-2025-eng.pdf |